Encyclopaedia of nuclear arms control & non-proliferation (Record no. 257230)

MARC details
000 -LEADER
fixed length control field 00801nam a2200229Ia 4500
008 - FIXED-LENGTH DATA ELEMENTS--GENERAL INFORMATION
fixed length control field 191130s2007##################000#0#eng##
020 ## - INTERNATIONAL STANDARD BOOK NUMBER
ISBN 9798182742511
082 ## - DEWEY DECIMAL CLASSIFICATION NUMBER
Classification number 327.174 MEH.2
245 ## - TITLE STATEMENT
Title Encyclopaedia of nuclear arms control & non-proliferation
Statement of responsibility, etc edited by Maj Gen R.S. Mehta
260 ## - PUBLICATION, DISTRIBUTION, ETC. (IMPRINT)
Place of publication New Delhi
Name of publisher Pentagon Press
Year of publication c2007
300 ## - PHYSICAL DESCRIPTION
Number of Pages 5 v. ; 25 cm
500 ## - GENERAL NOTE
General note Includes bibliographical references (p.1436-1456) and index
650 ## - SUBJECT ADDED ENTRY--TOPICAL TERM
Topical Term Nuclear arms control -- Encyclopedias
Topical Term Nuclear nonproliferation -- Encyclopedias
Topical Term Nuclear weapons -- Encyclopedias
Topical Term Nuclear weapons (International law)
700 ## - ADDED ENTRY--PERSONAL NAME
Personal name Mehta, Gen R. S
991 ## -
-- 397962
Holdings
Withdrawn status Lost status Damaged status Not for loan Home library Current library Shelving location Date acquired Full call number Accession Number Price effective from Koha item type
        Anna Centenary Library Anna Centenary Library 3RD FLOOR, B WING 13.10.2020 327.174 MEH.2 533687 13.10.2020 English Books
        Anna Centenary Library Anna Centenary Library 3RD FLOOR, B WING 13.10.2020 327.174 MEH.2 533688 13.10.2020 English Books

Find us on the map